000 00751nam a2200289Ia 4500
005 20260324112804.0
008 008 260324s9999 xx 000 0 eng d
020 _a9781003439134
037 _aEBOOK
040 _aCRL
040 _beng
040 _cCRL
041 _2eng
041 _aeng
084 _qCRL
100 _aPayal Nanjiani
_91104809
245 0 _aMake It To the Top
245 0 _bHow to Use Your Traits, Experiences, and Behaviors to Achieve Limitless Growth for Yourself and Your Organization
260 _bTaylor and Francis
260 _c2024
365 _a
365 _b150
856 _uhttp://www.taylorfrancis.com/books/9781003439134
942 _cEBOOK
999 _c1733490
_d1733490